|
|
|
|
| LEADER |
00734nam a22002052a 4500 |
| 001 |
000373841 |
| 003 |
CZ BrMZK |
| 005 |
20170925150129.0 |
| 007 |
ta |
| 008 |
980107s1971 xo f slo d |
| 040 |
|
|
|a BOA001
|b cze
|
| 100 |
1 |
|
|a Štubniaková, Vlasta
|4 aut
|
| 245 |
1 |
0 |
|a Vhodné obliekanie batoľaťa /
|c Vlasta Štubniaková
|
| 260 |
|
|
|a Bratislava :
|b Ústav zdravotnej výchovy,
|c 1971
|
| 300 |
|
|
|a 1 slož. list.
|
| 910 |
|
|
|a BOA001
|b X-0664.531
|b PK-0061.641
|
| 964 |
|
|
|a Batolata - odívání - letáky
|
| 990 |
|
|
|a BK
|
| 996 |
7 |
|
|b 2618910266
|c X-0664.531
|l MZK
|r Sklad / do 24 hodin
|n 0
|w 000373841
|u 000020
|a 1
|e BOA001
|j MZK50
|s A
|
| 996 |
7 |
|
|b 3119810509
|c PK-0061.641
|l MZK
|r Sklad / do 1 hodiny
|n 0
|w 000373841
|u 000010
|a 1
|e BOA001
|j MZK50
|s A
|